000 00828nam a2200301 a 4500
003 AR-BaBNM
005 20251128205519.0
008 082120s2002 ||||||||||||||000 | spa||
040 _cAR-BaBNM
100 1 _aCazeneuve, Jean
245 0 0 _aSociología del rito
260 _aBuenos Aires
_bAmorrortu
_c1972
300 _a279 p.
490 0 _aBiblioteca de filosofía, antropología y religión
504 _aBibliografía: p. 267-278
650 4 _aSOCIOLOGIA CULTURAL
650 4 _aANTROPOLOGIA CULTURAL Y SOCIAL
650 4 _aRITOS
650 4 _aCOSTUMBRES Y TRADICIONES
650 4 _aMAGIA
650 4 _aRITUALES
650 4 _aCULTOS
700 1 _aCastelló, José
_etraductor
700 1 _aAntognini, Alfredo Nicolás
_erevisión
800 1 _aGeltman, Pedro
_edirector
942 _cBK
998 _csilvi
999 _c11703
_d11703